000 004240000a22001690004500
003 MACL
005 20151217163939.0
008 151217b xxu||||| |||| 00| 0 eng d
040 _aMACL
_cMACL
041 _aEnglish
082 _a030
100 _aJ M Dent & Sons Ltd
_920960
245 _aEverymans Encyclopaedia
_bVol 11
260 _bJ M Dent & Sons Ltd
_c1967
650 _aEncyclopaedia
_920961
942 _cBK
_k030
_2ddc
999 _c40459
_d40459